000 00420nam a2200157Ia 4500
008 231217s9999 xx 000 0 und d
020 _a8131412584
041 _aEnglish
082 _a658.406 ALA;1 R
100 _aAlagiri, Dhandapani ed.
245 0 _aCorporate restructuring : concepts and cases
260 _c2008
_bIcfai
_aHyderabad
300 _axiii, 203
650 _aCorporate,restructuring
942 _cAA
999 _c189067
_d189067